| 000 | 00906nac a22002411u 4500 | ||
|---|---|---|---|
| 010 | _a 94000269 | ||
| 020 | _a081513620X | ||
| 082 | 0 | 0 |
_a616.12075 _bG5648 |
| 090 |
_c3435 _d3435 |
||
| 100 | _aGoldberger, Ary Louis, | ||
| 245 | 1 | 0 |
_aClinical electrocardiography : _ba simplified approach / _cAry L. Goldberger, Emanuel Goldberger. |
| 250 | _a5th ed. | ||
| 260 |
_aSt. Louis : _bMosby, _cc1994. |
||
| 300 |
_ax, 341 p. : _bill. ; _c24 cm. |
||
| 500 | _aDonations. | ||
| 500 | _aDonations - Bibliotheca Alexandrina. | ||
| 504 | _aIncludes bibliographical references (p. 331-332) and index. | ||
| 650 | 0 | _aElectrocardiography. | |
| 650 | 0 | _aElectrocardiography. | |
| 700 | 1 |
_aGoldberger, Emanuel, _d1913- |
|
| 942 |
_cBB _k616.12075G5648 |
||
| 999 |
_c3435 _d3435 |
||